| 000 | 00869nam a2200229Ii 4500 | ||
|---|---|---|---|
| 003 | JO-AjNU | ||
| 008 | 230605s9999||||xx |||||||||||||| ||und|| | ||
| 017 | _a2004/21211 | ||
| 020 | _a977-337-179-4 | ||
| 040 |
_aJO-AjNU _bara _erda _cJO-AjNU |
||
| 041 | _aara | ||
| 050 | 1 | 4 | _aHF5438.25.T3665.2009 |
| 100 | 3 |
_aاعداد مركز الخبرات المهنية للادارة بميك؛ اشراف عبدالرحمن توفيق, _eauthor _944125 |
|
| 245 | 0 | 0 | _aتنمية مهارات مندوبي المبيعات=Delegates sales skills |
| 264 | 3 | 1 | _aالقاهرة:مركز الخبرات المهنية للادارة بميك؛2009 |
| 300 | _a64ص | ||
| 336 |
_atext _btxt _2rdacontent |
||
| 337 |
_aunmediated _bn _2rdamedia |
||
| 338 |
_avolume _bnc _2rdacarrier |
||
| 490 | 0 | _aالمناهج التدريبية ؛183 | |
| 650 | 4 |
_aالمبيعات _944126 |
|
| 999 |
_aA19026 _c22594 _d22594 |
||